01303nmm a22002414a 4500003000900000005001700009008004100026020001500067041000800082044000700090100002600097245011800123260006900241300001100310520051300321650001700834650003000851650001400881700002300895856010500918942002301023999001501046BOLpUSFA20201007180010.0 t cl gq d 000 f spa d a9567808309 aspa cCL aVanderschueren, Franz aPrevención de la delincuencia juvenil : banálisis de experiencias internacionales. h[recurso electrónico] aSantiago de Chile:bUniversidad Jesuita Alberto Hurtado, c2004. a152 p. aEste libro abarca los tres temas sobre prevención a la criminalidad que concierne a los jóvenes. El primer tema constituye un panorama general de las diversas interpretaciones de la causalidad de los comportamientos antisociales o delictuales de los jóvenes y presenta los principales enfoques y prácticas de prevención desarrollados en varias regiones. El segundo se refiere al problema específico de la violencia al interior de las escuelas; y el tercero, focaliza el problema de las pandillas. aAdolescencia aComportamiento antisocial aViolencia aLunecke, Alejandra uhttp://biblioteca.usfa.edu.bo/cgi-bin/koha/opac-retrieve-file.pl?id=860f045ec202e4b418d694a78c59ea9e 2ddccDOCEzLR; SML c2730d2730